000
00238nam a2200097Ia 4500
001
712024
005
20250826162819.0
008
250824s9999 xx 000 0 und d
245
0
_a
AYIŞIĞI SOFRASI
_c
NAZLI ERAY
260
_b
EVEREST YAYINLARI
999
_c
712024
_d
712024